000 00599cam a22002053a 4500
001 37365
003 PGUSA
005 20140828083823.0
008 110909s2011||||xxu|||||s|||||000 | eng d
040 _aPGUSA
_beng
042 _adc
100 1 _aMacKeracher, W. M.
_q(William Mackay),
_d1871-1913
245 1 0 _aSonnets and Other Verse
_h[electronic resource] /
_cW. M. MacKeracher
260 _bProject Gutenberg,
_c2011
506 _aPublic domain in the USA.
516 _aElectronic text
830 0 _aProject Gutenberg
_v37365
856 4 0 _uhttp://www.gutenberg.org/ebooks/37365
942 _cEB
999 _c266619
_d266619